000 00990cam a22003137a 4500
003 CHAP
005 20220817041039.0
008 971013s1992 r 00010 d
010 _a5278
011 _a6250
035 _a5470
040 _cCHAP
090 _aFolleto 13804
110 _aFideicomisos Instituídos en Relación con la Agricultura. México
_940733
245 0 _aPrograma demostrativo del cultivo del manzano en la alta densidad en Canatlán, Durango
260 _aMéxico, D.F. :
_bEl Fideicomiso,
_c1992
300 _a29 p.
_b: ilus.
410 _aFIRA
490 0 _aBoletin informativo
_v; XXIV (234)
590 _aBATCH-UPD
_b10
_c20130110
_lUCH01
_h1314
590 _aCONVERSION
_b10
_c20130109
_lUCH01
_h1304
650 1 4 _aManzana
_xDurango.
_970756
650 1 4 _aManzana
_xRendimiento.
_970802
810 _aFIRA
_941029
830 0 _aBoletin informativo
_v; XXIV (234)
901 _aBK
942 _cFOLL
949 _aFolleto 13804
_bBC
_cFOLL
_d-15052
_eTS1
_i5470
_si
999 _c5278
_d5278